• 首页
  • 本馆介绍
  • 公告通知
  • 最新文献
  • 馆藏检索
  • 电子资源
  • 读者导购
  • 参考咨询
  • 我的图书馆
  • 登录
  • 详细信息显示
  • 放入我的书架
  • 预约/预借图书
  • 作者相关作品
  • 分类相关作品
  • 丛书相关作品
  • 出版社相关作品

书目信息

  • 表格格式
  • 工作单格式
  • 卡片格式
题名:
建筑设计手绘完全自学教程
    
 
作者: 吴伟 著
分册:  
出版信息: 北京   人民邮电出版社  2014.11
页数: 304页
开本: 26cm
丛书名:
单 册:
中图分类: TU204.11
科图分类:
主题词: 建筑设计--绘画技法--教材
电子资源:
ISBN: 978-7-115-36765-5
000 01017nam0 2200229 450
001 0400006908
005 20171107110943.0
010    @a978-7-115-36765-5@dCNY59.80
100    @a20141218e20172014em y0chiy50 ea
101 0  @achi
102    @aCN@b110000
105    @aa z 000yy
106    @ar
200 1  @a建筑设计手绘完全自学教程@Ajian zhu she ji shou hui wan quan zi xue jiao cheng@f吴伟著
210    @a北京@c人民邮电出版社@d2014.11@h2017.02
215    @a304页@c图@d26cm
330    @a本书内容主要分为三大块,即线稿、马克笔上色和快题表现。线稿阶段包括线条、透视、明暗、虚实、空间、材质、构图、配景,建筑速写的各类风格,训练建筑速写的三个阶段;马克笔上色阶段包括笔触、体块的光影关系、五种基本技法、材质的详细分类解析、各类配景的分类解析,总图、平面图、立面图、剖面图表现的技法详细解析等;快题表现阶段作者选择多个快题方案做了详细的分步解析。
606 0  @a建筑设计@x绘画技法@j教材
690    @aTU204.11@v5
701  0 @a吴伟@Awu wei@4著
801  0 @aCN@b上海新华@c20171107
905    @b1027336-40@dTU204.11@e1384@f5
    
    建筑设计手绘完全自学教程/吴伟著.-北京:人民邮电出版社,2014.11(2017.02)
    304页:图;26cm
    
    
    ISBN 978-7-115-36765-5:CNY59.80
    本书内容主要分为三大块,即线稿、马克笔上色和快题表现。线稿阶段包括线条、透视、明暗、虚实、空间、材质、构图、配景,建筑速写的各类风格,训练建筑速写的三个阶段;马克笔上色阶段包括笔触、体块的光影关系、五种基本技法、材质的详细分类解析、各类配景的分类解析,总图、平面图、立面图、剖面图表现的技法详细解析等;快题表现阶段作者选择多个快题方案做了详细的分步解析。
●
相关链接 在E读中查询图书 在五车中查询图书 在当当中查询图书 在豆瓣中查询图书


正题名:建筑设计手绘完全自学教程     索取号:TU204.11/1384         预约/预借

序号 登录号 条形码 馆藏地/架位号 状态 备注
1 1027336   210273363   第二样本阅览室/ [索取号:TU204.11/1384] 在馆    
2 1027337   210273372   密集书库-生命科学系/ [索取号:TU204.11/1384] 在馆    
3 1027338   210273381   第三借阅区/ [索取号:TU204.11/1384] 在馆    
4 1027339   210273390   第三借阅区/ [索取号:TU204.11/1384] 在馆    
5 1027340   210273407   第三借阅区/ [索取号:TU204.11/1384] 在馆    
唐山师范学院图书馆 欢迎您!
大连网信软件有限公司© 版权所有